[Event "Mumbai Wealth op U13"]
[Site "Mumbai"]
[Date "2016.01.30"]
[Round "3"]
[White "Jain, Aryan S"]
[Black "Ved, Shubham"]
[Result "0-1"]
[WhiteElo "1048"]
[BlackElo "1265"]
[PlyCount "84"]
[EventDate "2016.01.28"]
[EventType "swiss"]
[EventRounds "9"]
[EventCountry "IND"]
[SourceTitle "CBM 170 Extra"]
[Source "ChessBase"]
[SourceDate "2016.02.25"]
[SourceVersion "1"]
[SourceVersionDate "2016.02.25"]
[SourceQuality "1"]

1. d4 Nf6 2. Nf3 d5 3. e3 Bf5 4. c4 Nc6 5. Nc3 e6 6. a3 a6 7. h3 h6 8. Be2 Be7 9. 0-0 0-0 10. Re1 Re8 11. Bd2 Rb8 12. b4 Nh7 13. Nh2 Ng5 14. Bg4 Bxg4 15. Qxg4 dxc4 16. Rab1 Bf6 17. Ne2 e5 18. Bc3 exd4 19. exd4 Re4 20. Qg3 Nxd4 21. Nxd4 Rxe1+ 22. Rxe1 Bxd4 23. Bxd4 Qxd4 24. Qxc7 Rf8 25. Qxb7 c3 26. Qxa6 c2 27. Qc6 Qd2 28. Rf1 Rd8 29. b5 Rd3 30. b6 Rc3 31. Qe8+ Kh7 32. b7 c1Q 33. b8Q Qxa3 34. Qh8+ Kg6 35. Qb6+ Qad6 36. Qxd6+ Qxd6 37. Qe8 Qd5 38. Qe2 Rxh3 39. f3 Rh4 40. g4 Qd4+ 41. Qf2 Nh3+ 42. Kg2 Nxf2 0-1